Hradecké ekonomické dni 2010 - Ekonomický rozvoj a management regiónov - Výsledky medzinárodnej vedeckej konferencie konanej 2.-3. februára 2010, ktorú usporiadala Fakulta informatiky a managementu Univerzity Hradca Králové v Hradci Králové

Informácie o medzinárodnej vedeckej konferencii v Hradci Královom, ktorá sa uskutočnila v dňoch 2.-3. februára 2010. Konferencia bola zameraná na všeobecnú problematiku ekonomického rozvoja regiónov EÚ a poskytla širokú platformu na diskusiu o otázkach vzdelania, znalostného manažmentu a rozvoja kul...

ver descrição completa

Na minha lista:
Detalhes bibliográficos
Autor principal: Gertler, Ľubomíra, 1977-
Formato: Capítulo de Livro
Idioma:eslovaco
Assuntos:
Tags: Adicionar Tag
Sem tags, seja o primeiro a adicionar uma tag!

MARC

LEADER 00000naa a2200000 4500
001 0128438
005 20231103065521.5
041 0 |a slo 
044 |a SK 
245 1 0 |a Hradecké ekonomické dni 2010 - Ekonomický rozvoj a management regiónov - Výsledky medzinárodnej vedeckej konferencie konanej 2.-3. februára 2010, ktorú usporiadala Fakulta informatiky a managementu Univerzity Hradca Králové v Hradci Králové  |c Ľubomíra Gertler 
520 |a Informácie o medzinárodnej vedeckej konferencii v Hradci Královom, ktorá sa uskutočnila v dňoch 2.-3. februára 2010. Konferencia bola zameraná na všeobecnú problematiku ekonomického rozvoja regiónov EÚ a poskytla širokú platformu na diskusiu o otázkach vzdelania, znalostného manažmentu a rozvoja kultúry, ktoré vyzdvihla ako základné determinanty rozvoja každého regiónu. 
610 2 0 |a rozvoj regionálny 
610 2 0 |a konferencie 
610 2 0 |a univerzity 
610 2 0 |a Európska únia 
610 2 0 |a regióny 
610 2 0 |a informácie 
100 1 |a Gertler, Ľubomíra, 1977-